000 00778nam a2200253Ia 4500
003 OSt
005 20220918170856.0
006 a|||||r|||| 00| 0
007 ta
008 220917b |||||||| |||| 00| 0 eng d
020 _a9780754655572 (hbk)
_c362549.88
024 _a232,585
037 _b1978, 18/10/2007, The Book Seller
_cTextual
040 _aARTS
_cARTS
_beng
041 _2eng
_aeng
082 _aNQ5.L50, P7
100 _aNichols Tom Ed.
_931904
245 0 _aOthers and outcasts in early modern Europe
_b picturing the social margins
260 _aLondon
_bAshgate
_c2007
300 _axv, 263p.
_ccm.
650 _aARTS
942 _hNQ5.L50, P7
_cTEXL
_2CC
999 _c136394
_d136394